Nueva constitución y política constitucional

Guardado en:
Detalles Bibliográficos
Autor principal: Zúñiga Urbina, Francisco
Otros Autores: Alvarado Parra, Enza
Formato: Desconocido
Lenguaje:inglés
Publicado: Santiago, Chile. Thomson Reuters, 2021
Edición:1a. edición
Colección:Monografías
Materias:
Etiquetas: Agregar Etiqueta
Sin Etiquetas, Sea el primero en etiquetar este registro!

MARC

LEADER 00000 a2200000 4500
003 CL-VaPUC
005 20210924114953.0
008 210922b2021 ||||| |||| 00| 0 eng d
999 |c 433600  |d 433598 
020 |a 978-956-400-216-3 
040 |c Pontificia Universidad Católica de Valparaíso 
082 |a 342.83 ZUÑ 2021  |2 22 
100 1 |a Zúñiga Urbina, Francisco  |9 556743 
245 1 |a Nueva constitución y política constitucional  
250 |a 1a. edición  
260 |a Santiago, Chile.   |b Thomson Reuters,  |c 2021 
300 |a 454 páginas  
440 |a Monografías  |9 856527 
583 |k Cristina María Rojas Aguilar  |c 20210922 
650 0 |a Reforma constitucional   |9 856999  |z Chile  
650 0 |a Derecho constitucional   |9 222588 
700 |a Alvarado Parra, Enza  |9 863075 
942 |2 ddc  |c BK 
952 |0 0  |1 0  |2 ddc  |4 0  |6 342_830000000000000_ZUÑ_2021  |7 0  |8 A  |9 578872  |a BIBDER  |b BIBDER  |d 2021-09-22  |e 31  |g 0.00  |i 5588863  |l 2  |m 2  |o 342.83 ZUÑ 2021  |p 5588863  |r 2023-12-20  |s 2023-12-20  |t 1  |v 0.00  |w 2021-09-22  |y BK  |k DER